| Tag |
First Indicator |
Second Indicator |
Subfields |
| LEADER |
00000cam a2200000 i 4500 |
| 001 |
in00000355756 |
| 005 |
20151011063427.0 |
| 008 |
771102s1853 pau d 00010 eng d |
| 035 |
|
|
|a (OCoLC)03389220
|
| 035 |
|
|
|9 ABN2373AM
|
| 040 |
|
|
|a TXA
|c TXA
|d UtOrBLW
|
| 049 |
|
|
|a TXAM
|c [459496]
|
| 090 |
|
|
|a R121
|b .D9 1853
|
| 100 |
1 |
|
|a Dunglison, Robley,
|d 1798-1869.
|
| 245 |
1 |
0 |
|a Medical lexicon :
|b a dictionary of medical science : containing a concise explanation of the various subjects and terms of physiology, pathology, hygiene, therapeutics, pharmacology, obstetrics, medical jurisprudence, &c., with the French and other synonymes; notices of climate, and of celebrated mineral waters, formula for various officinal, empirical, and dietetic preparations, etc. /
|c by Robley Dunglison.
|
| 250 |
|
|
|a 9th ed., rev.
|
| 264 |
|
1 |
|a Philadelphia :
|b Blanchard and Lea,
|c 1853.
|
| 300 |
|
|
|a 927 pages ;
|c 24 cm.
|
| 336 |
|
|
|a text
|b txt
|2 rdacontent
|
| 337 |
|
|
|a unmediated
|b n
|2 rdamedia
|
| 338 |
|
|
|a volume
|b nc
|2 rdacarrier
|
| 650 |
|
0 |
|a Medicine
|v Dictionaries.
|
| 740 |
0 |
|
|a Dictionary of medical science.
|
| 999 |
|
|
|a MARS
|
| 999 |
f |
f |
|s ee2f3617-b6f1-3a36-bc5c-e96c7b236e56
|i 748eea2c-43b6-38c5-ba94-a41dae02233f
|t 0
|
| 952 |
f |
f |
|p ric
|a Texas A&M University
|b Rellis Campus
|c Joint Library Facility
|d Remote Storage
|t 0
|e R121 .D9 1853
|h Library of Congress classification
|i unmediated -- volume
|m A14805051647
|
| 998 |
f |
f |
|a R121 .D9 1853
|t 0
|l Remote Storage
|